Statistics for Bobsled Tracks Around The World

Click here to take the quiz!

General Stats

  • This quiz has been taken 11 times
    (4 since last reset)
  • The average score is 5 of 15

Answer Stats

CountryTrack% Correct
CanadaWhistler
100%
AustriaIgls
67%
United StatesPark City
67%
RussiaSanki
67%
SwitzerlandSt. Moritz
67%
United StatesLake Placid
33%
FranceLa Plagne
33%
NorwayLillehammer
33%
JapanNagano
33%
South KoreaAlpensia
0%
GermanyAltenberg
0%
GermanyKönigssee
0%
GermanyOberhof
0%
LatviaSigulda
0%
GermanyWinterberg
0%

Score Distribution

Percentile by Number Answered

Percent of People with Each Score

Your Score History

You have not taken this quiz since the last reset